[Event "WYb16"]
[Site "Heraklio GRE"]
[Date "2002.11.21"]
[Round "7"]
[White "Ghasi,A"]
[Black "Ianocichin,V"]
[Result "1/2-1/2"]
[WhiteElo "2292"]
[BlackElo "2221"]
[EventDate "2002.11.15"]

1. Nf3 c5 2. g3 Nc6 3. Bg2 g6 4. O-O Bg7 5. d3 d6 6. c4 e5 7. Nc3 Nge7 8.
Rb1 O-O 9. a3 a5 10. Ne1 Be6 11. Nc2 d5 12. b3 f5 13. Bg5 Qd6 14. Ne3 d4
15. Nb5 Qd7 16. Nd5 Bxd5 17. cxd5 Na7 18. Nxa7 Rxa7 19. Qc2 b6 20. b4 cxb4
21. axb4 a4 22. e3 dxe3 23. Bxe3 Qd6 24. Qc4 f4 25. Bxb6 Qxb6 26. d6+ Kh8
27. dxe7 Rxe7 28. Be4 Rc7 29. Qa2 Qb5 30. Ra1 Qxb4 31. Qxa4 Qxa4 32. Rxa4
Rb8 33. Rfa1 Bf8 34. gxf4 exf4 35. d4 Rb2 36. Rd1 Kg7 37. Kg2 Be7 38. d5
Bc5 39. Rf1 Re7 1/2-1/2

[Event "WYb16"]
[Site "Heraklio GRE"]
[Date "2002.11.21"]
[Round "8"]
[White "Stellwagen,D"]
[Black "Smirnov,I UKR"]
[Result "1-0"]
[WhiteElo "2426"]
[BlackElo "2365"]
[EventDate "2002.11.15"]

1. e4 e5 2. Nf3 Nf6 3. Nxe5 d6 4. Nxf7 Kxf7 5. d4 c5 6. Bc4+ d5 7. exd5 Bd6
8. O-O Re8 9. Nc3 Bg4 10. f3 Bf5 11. dxc5 Bxc5+ 12. Kh1 Bd6 13. Nb5 Kg8 14.
Bg5 a6 15. Nd4 Bd7 16. Ne6 Bxe6 17. dxe6 Qc7 18. Qd4 Be5 19. Qh4 Nc6 20. c3
Ne7 21. Bd3 Ned5 22. f4 Bd6 23. c4 Nb4 24. Bf5 Qc5 25. Qh3 Re7 26. Bxf6
gxf6 27. b3 Kh8 28. Rad1 Bc7 29. Rd7 Rxd7 30. exd7 Qe7 31. Qc3 Nc6 32. Re1
Ne5 33. fxe5 Bxe5 34. Qf3 Qb4 35. Re4 Qd2 36. g3 Qc1+ 37. Kg2 Qd2+ 38. Re2
Qd6 39. Qxb7 1-0

[Event "WYb16"]
[Site "Heraklio GRE"]
[Date "2002.11.21"]
[Round "8"]
[White "Gerzhoy,L"]
[Black "Pashikian,A"]
[Result "1-0"]
[WhiteElo "2389"]
[BlackElo "2304"]
[EventDate "2002.11.15"]

1. Nf3 d5 2. d4 e6 3. c4 c5 4. cxd5 exd5 5. Nc3 Nc6 6. g3 Nf6 7. Bg2 Be7 8.
O-O O-O 9. b3 Ne4 10. Bb2 Bf6 11. Na4 b6 12. Rc1 Ba6 13. dxc5 Bxb2 14. Nxb2
bxc5 15. Na4 Re8 16. Re1 c4 17. Nd2 Qa5 18. Bxe4 dxe4 19. Nxc4 Bxc4 20.
Rxc4 Rad8 21. Qc1 Nd4 22. Qc3 Qd5 23. Qe3 Qe5 24. Rec1 h5 25. Nc3 Nf5 26.
Qxe4 Qa5 27. Qf4 g6 28. e4 Nd4 29. Kg2 Ne6 30. Qe3 Qe5 31. h4 a5 32. Nd5 f5
33. Qc3 1-0

[Event "WYb16"]
[Site "Heraklio GRE"]
[Date "2002.11.21"]
[Round "8"]
[White "Barrientos,S"]
[Black "Adly,A"]
[Result "0-1"]
[WhiteElo "2235"]
[BlackElo "2294"]
[EventDate "2002.11.15"]

1. e4 c5 2. Nf3 d6 3. d4 cxd4 4. Nxd4 Nf6 5. Nc3 a6 6. Be3 Ng4 7. Bg5 h6 8.
Bh4 g5 9. Bg3 Bg7 10. Be2 h5 11. h3 h4 12. hxg4 hxg3 13. Rxh8+ Bxh8 14.
fxg3 Nc6 15. Nxc6 bxc6 16. Qd2 Qa5 17. O-O-O Rb8 18. Rh1 Bf6 19. Bc4 Be6
20. Bb3 c5 21. e5 Bxe5 22. Qxg5 Kd7 23. Bxe6+ fxe6 24. Rh7 Re8 25. Qe3 Rf8
26. Qe4 Rf1+ 27. Nd1 Qb5 28. c3 d5 29. a4 dxe4 30. axb5 e3 0-1

[Event "WYb16"]
[Site "Heraklio GRE"]
[Date "2002.11.21"]
[Round "8"]
[White "Kharitonov,Alexa"]
[Black "Jones,G"]
[Result "1/2-1/2"]
[WhiteElo "2437"]
[BlackElo "2251"]
[EventDate "2002.11.15"]

1. d4 Nf6 2. c4 c5 3. d5 b5 4. Nd2 bxc4 5. e4 c3 6. bxc3 g6 7. c4 d6 8. Bd3
Bg7 9. Rb1 O-O 10. Ngf3 e5 11. O-O Na6 12. a3 Bd7 13. Bc2 Rb8 14. Nb3 Ba4
15. Re1 Nd7 16. Bd2 Bxb3 17. Bxb3 Qe7 18. Qc2 Nb6 19. Qc3 Nc7 20. a4 Nba8
21. Qa5 Rb7 22. Bc2 Rfb8 23. Qc3 Na6 24. a5 Rxb1 25. Rxb1 Rxb1+ 26. Bxb1
Qb7 27. Bc2 N8c7 28. Ne1 Nb4 29. Qb3 Nca6 30. Qa4 Nxc2 31. Qxc2 Bf6 32. Kf1
Kg7 33. f3 Bd8 34. Qa4 1/2-1/2

[Event "WYb16"]
[Site "Heraklio GRE"]
[Date "2002.11.21"]
[Round "8"]
[White "Friedel,J"]
[Black "Kuljasevic,D"]
[Result "0-1"]
[WhiteElo "2270"]
[BlackElo "2381"]
[EventDate "2002.11.15"]

1. e4 c5 2. Nf3 Nc6 3. d4 cxd4 4. Nxd4 Nf6 5. Nc3 e5 6. Ndb5 d6 7. a4 a6 8.
Na3 Bg4 9. f3 Be6 10. Bc4 Rc8 11. Be3 Nb4 12. Bxe6 fxe6 13. O-O Be7 14. Ne2
d5 15. c3 Nc6 16. exd5 exd5 17. Kh1 O-O 18. Nc2 Qd7 19. f4 Ne4 20. Qe1 Rf7
21. fxe5 Rxf1+ 22. Qxf1 Rf8 23. Qg1 Nxe5 24. b3 Qf5 25. Ncd4 Qf7 26. h3 Bh4
27. g3 Bg5 28. Bxg5 Nxg5 29. Qg2 Ne4 30. Kg1 Nf3+ 31. Nxf3 Qxf3 32. Qxf3
Rxf3 33. Rd1 Re3 34. Kf1 Rxe2 0-1

[Event "WYb16"]
[Site "Heraklio GRE"]
[Date "2002.11.21"]
[Round "8"]
[White "Glud,J"]
[Black "Ghasi,A"]
[Result "1/2-1/2"]
[WhiteElo "2179"]
[BlackElo "2292"]
[EventDate "2002.11.15"]

1. e4 c5 2. Nf3 Nc6 3. d4 cxd4 4. Nxd4 Nf6 5. Nc3 e6 6. Ndb5 Bb4 7. a3
Bxc3+ 8. Nxc3 d5 9. exd5 exd5 10. Bd3 O-O 11. O-O h6 12. Bf4 d4 13. Ne2 Qd5
14. Bg3 Bg4 15. Re1 Bxe2 16. Qxe2 Rfe8 17. Qd2 Ne4 18. Qf4 Nc5 19. Qd2 Nxd3
20. Qxd3 b5 21. h3 Rad8 22. Rad1 a6 23. Bc7 1/2-1/2

[Event "WYb16"]
[Site "Heraklio GRE"]
[Date "2002.11.21"]
[Round "8"]
[White "Beudaert,X"]
[Black "Stativkin,D"]
[Result "1/2-1/2"]
[WhiteElo "2282"]
[BlackElo "2157"]
[EventDate "2002.11.15"]

1. Nf3 Nf6 2. c4 e6 3. g3 d5 4. cxd5 exd5 5. Bg2 Bd6 6. O-O O-O 7. Nc3 Re8
8. Qc2 c6 9. Re1 Nbd7 10. d3 Ne5 11. e4 Nxf3+ 12. Bxf3 Bh3 13. Qb3 Qd7 14.
Bg5 Ng4 15. d4 Bc7 16. Rad1 Bb6 17. Na4 dxe4 18. Nxb6 axb6 19. Bxe4 h6 20.
Bf4 Nf6 21. Bf3 Be6 22. Qxb6 Nd5 23. Qc5 Rxa2 24. Bc1 Raa8 25. h4 Nf6 26.
Re5 Bd5 27. Bxd5 Nxd5 28. Rde1 f6 29. R5e2 Rxe2 30. Rxe2 Re8 31. Qc4 Rxe2
32. Qxe2 Qe7 33. Be3 Qe4 34. Kh2 Kh7 35. Qd2 Ne7 36. Qb4 b5 37. Qc3 Nf5 38.
Kg1 Kg6 39. Qd2 Qf3 40. Kh2 Kh5 41. d5 cxd5 42. Bc5 g5 43. Qe1 d4 44. Kh3
Qg4+ 45. Kh2 Qf3 46. Kh3 Qg4+ 47. Kh2 Qf3 1/2-1/2

[Event "WYb16"]
[Site "Heraklio GRE"]
[Date "2002.11.22"]
[Round "9"]
[White "Erdos,V"]
[Black "Gerzhoy,L"]
[Result "1/2-1/2"]
[WhiteElo "2416"]
[BlackElo "2389"]
[EventDate "2002.11.15"]

1. d4 Nf6 2. c4 e6 3. Nc3 Bb4 4. Qc2 O-O 5. a3 Bxc3+ 6. Qxc3 b6 7. Bg5 Bb7
8. f3 h6 9. Bh4 d5 10. e3 Nbd7 11. Nh3 c5 12. cxd5 Nxd5 13. Bxd8 Nxc3 14.
Be7 Rfe8 15. Bh4 Nd5 16. Bb5 g5 17. Bf2 Red8 18. e4 Ne7 19. O-O-O Bc6 20.
Bxc6 Nxc6 21. dxc5 Nxc5 22. Kb1 Nd3 23. Bg3 Na5 24. Nf2 Nxf2 25. Bxf2 Nc4
26. h4 1/2-1/2

[Event "WYb16"]
[Site "Heraklio GRE"]
[Date "2002.11.22"]
[Round "9"]
[White "Kuljasevic,D"]
[Black "Deepan,C"]
[Result "1-0"]
[WhiteElo "2381"]
[BlackElo "2355"]
[EventDate "2002.11.15"]

1. d4 d5 2. c4 e6 3. Nc3 Nf6 4. cxd5 exd5 5. Bg5 Be7 6. e3 O-O 7. Qc2 c6 8.
Bd3 Nbd7 9. Nf3 Re8 10. O-O Nf8 11. h3 Ng6 12. Ne5 Nd7 13. Bxe7 Qxe7 14. f4
Ndxe5 15. dxe5 Qh4 16. Qf2 Qxf2+ 17. Kxf2 Bd7 18. b4 Rad8 19. Rfd1 Bc8 20.
Ne2 Nf8 21. Nd4 g6 22. Rac1 Nd7 23. g4 a6 24. g5 Nxe5 25. fxe5 Bxh3 26. Rh1
Bg4 27. Kg3 Bh5 28. Kf4 Rd7 29. Nf5 gxf5 30. Rxh5 Rde7 31. Rch1 1-0

[Event "WYb16"]
[Site "Heraklio GRE"]
[Date "2002.11.22"]
[Round "9"]
[White "Palit,S"]
[Black "Beudaert,X"]
[Result "1-0"]
[WhiteElo "2277"]
[BlackElo "2282"]
[EventDate "2002.11.15"]

1. e4 e5 2. Nf3 Nc6 3. Bb5 a6 4. Ba4 Nf6 5. Qe2 b5 6. Bb3 Bc5 7. O-O O-O 8.
c3 d6 9. Rd1 Bb6 10. h3 Bb7 11. d3 Ne7 12. Nbd2 Ng6 13. Nf1 Nh5 14. g3 Qc8
15. Kg2 Kh8 16. Ng5 Qf5 17. Kg1 Qf6 18. d4 exd4 19. Qxh5 h6 20. cxd4 Bxd4
21. Ne3 Qe5 22. Rxd4 Qxd4 23. Nf5 Qb4 24. Bd2 Nf4 25. gxf4 Qxd2 26. Nxh6 g6
27. Ngxf7+ Kh7 28. Ng5+ Kg7 29. Ne6+ Kh7 30. Qh4 Bxe4 31. Qe7+ 1-0

[Event "WYb16"]
[Site "Heraklio GRE"]
[Date "2002.11.22"]
[Round "9"]
[White "Filippov,A"]
[Black "Barrientos,S"]
[Result "1-0"]
[WhiteElo "2292"]
[BlackElo "2235"]
[EventDate "2002.11.15"]

1. e4 c5 2. Nf3 Nc6 3. d4 cxd4 4. Nxd4 e5 5. Nb5 Nf6 6. N1c3 d6 7. Bg5 a6
8. Na3 b5 9. Nd5 Be7 10. Bxf6 Bxf6 11. c3 Ne7 12. Nxf6+ gxf6 13. Nc2 Bb7
14. Bd3 f5 15. exf5 e4 16. Be2 Nxf5 17. Ne3 Nxe3 18. fxe3 Qg5 19. Qxd6 Rd8
20. Qg3 Rg8 21. Qxg5 Rxg5 22. g3 Rgd5 23. Rd1 Rxd1+ 24. Bxd1 Bd5 25. a3 Be6
26. Rf1 Ke7 27. Rf4 f5 28. g4 fxg4 29. Rxe4 h5 30. Bb3 Rd6 31. h3 a5 32.
hxg4 hxg4 33. Bxe6 Rxe6 34. Rxe6+ Kxe6 35. b3 Kd5 36. a4 bxa4 37. bxa4 Ke4
38. c4 1-0

[Event "WYb16"]
[Site "Heraklio GRE"]
[Date "2002.11.22"]
[Round "9"]
[White "Jones,G"]
[Black "Glud,J"]
[Result "1-0"]
[WhiteElo "2251"]
[BlackElo "2179"]
[EventDate "2002.11.15"]

1. e4 e5 2. Nf3 Nc6 3. Nc3 Nf6 4. Bb5 d6 5. d4 exd4 6. Nxd4 Bd7 7. Nxc6
Bxc6 8. Bxc6+ bxc6 9. Bf4 g6 10. e5 Nh5 11. exd6 cxd6 12. Qf3 d5 13. O-O
Nxf4 14. Qxf4 f6 15. Rad1 Kf7 16. Rfe1 Bd6 17. Qf3 Kg7 18. Nxd5 Be5 19. Nb4
Qc7 20. Nxc6 Bxh2+ 21. Kh1 Be5 22. Qd5 Rhe8 23. Qd7+ Qxd7 24. Rxd7+ Kg8 25.
Nxe5 fxe5 26. Rd5 e4 27. Rd4 Rad8 28. Rexe4 1-0

[Event "WYb16"]
[Site "Heraklio GRE"]
[Date "2002.11.22"]
[Round "9"]
[White "Ghasi,A"]
[Black "Choma,E"]
[Result "0-1"]
[WhiteElo "2292"]
[BlackElo "2227"]
[EventDate "2002.11.15"]

1. d4 Nf6 2. Nf3 c5 3. d5 e6 4. Nc3 exd5 5. Nxd5 Nxd5 6. Qxd5 Nc6 7. c3 d6
8. e4 Be6 9. Qg5 f6 10. Qe3 Be7 11. Bb5 O-O 12. O-O Qc7 13. Nh4 a6 14. Bd3
Rfd8 15. Qg3 Bf8 16. Nf5 b5 17. Ne3 Ne7 18. c4 bxc4 19. Bxc4 Bxc4 20. Nxc4
Qc6 21. Re1 d5 22. exd5 Rxd5 23. Qb3 Kh8 24. Nb6 Rb8 25. Nxd5 Rxb3 26. Nxe7
Qa4 27. Nd5 Rd3 28. Nc3 Qc6 29. Bf4 h6 30. Rac1 c4 31. a3 Kh7 32. h3 Bc5
33. Ne4 Rd4 34. Nxc5 Rxf4 35. Nd3 Rd4 36. Nb4 Qb6 37. Re2 Qd6 38. Rce1 Rd2
39. Kf1 Rxe2 40. Rxe2 Qd1+ 41. Re1 Qd2 42. Nxa6 c3 0-1

[Event "WYb16"]
[Site "Heraklio GRE"]
[Date "2002.11.22"]
[Round "9"]
[White "Stativkin,D"]
[Black "Pixton,A"]
[Result "0-1"]
[WhiteElo "2157"]
[BlackElo "2443"]
[EventDate "2002.11.15"]

1. e4 c5 2. Nf3 d6 3. d4 Nf6 4. Bb5+ Bd7 5. Bxd7+ Qxd7 6. dxc5 Nxe4 7. cxd6
e6 8. Qe2 Nxd6 9. Nc3 Be7 10. Bf4 O-O 11. O-O-O Rd8 12. Ne4 Qc6 13. Bxd6
Bxd6 14. Ne5 Qc7 15. Nxf7 Qxf7 16. Nxd6 Qe7 17. Nc4 Nc6 18. f4 Rac8 19.
Rxd8+ Rxd8 20. Rd1 Nd4 21. Qe5 Qc5 22. c3 Qxc4 23. Rxd4 Rxd4 24. Qxd4 Qf1+
25. Kc2 Qxg2+ 26. Qd2 Qe4+ 27. Kc1 h5 28. b3 Kh7 29. Qc2 Qxc2+ 30. Kxc2 Kg6
31. Kd3 Kf5 32. Ke3 e5 33. fxe5 Kxe5 34. h4 g5 35. hxg5 Kf5 36. g6 Kxg6 37.
Kf4 Kf6 38. a3 h4 39. a4 h3 40. Kg3 Ke5 41. a5 a6 42. Kxh3 Ke4 43. Kg4 Kd3
0-1

[Event "WYb16"]
[Site "Heraklio GRE"]
[Date "2002.11.23"]
[Round "10"]
[White "Palit,S"]
[Black "Kuljasevic,D"]
[Result "0-1"]
[WhiteElo "2277"]
[BlackElo "2381"]
[EventDate "2002.11.15"]

1. e4 c5 2. Nf3 e6 3. b3 Nf6 4. e5 Nd5 5. Bb2 Nc6 6. c4 Nde7 7. g3 Nf5 8.
Bh3 d6 9. Bxf5 exf5 10. exd6 Qxd6 11. d4 cxd4 12. Nxd4 Bd7 13. Qe2+ Qe7 14.
O-O O-O-O 15. Qxe7 Bxe7 16. Nxc6 Bxc6 17. Bxg7 Rhg8 18. Be5 Rd3 19. Rc1 Re8
20. Bg7 Bg5 21. Rf1 Bf3 22. Na3 f6 23. h4 Rg8 24. hxg5 Rxg7 25. Rae1 Rxg5
26. Re8+ Kd7 27. Re3 Rxe3 28. fxe3 Rxg3+ 29. Kf2 Rh3 30. Nb5 a6 31. Nd4 Bg4
32. a3 Kd6 33. Rc1 Ke5 34. c5 f4 35. Nc2 Rf3+ 36. Kg2 fxe3 37. Nb4 e2 38.
c6 bxc6 39. Nxc6+ Ke4 40. Rc4+ Ke3 41. Nb4 e1=N+ 42. Kg1 Rg3+ 43. Kh2 Rh3+
44. Kg1 Nf3+ 45. Kg2 Nh4+ 46. Kg1 Rg3+ 47. Kh2 Rg2+ 48. Kh1 Bf3 49. Rc3+
Kf2 50. Nd3+ Kg3 0-1

[Event "WYb16"]
[Site "Heraklio GRE"]
[Date "2002.11.23"]
[Round "10"]
[White "Choma,E"]
[Black "Smirnov,I UKR"]
[Result "1/2-1/2"]
[WhiteElo "2227"]
[BlackElo "2365"]
[EventDate "2002.11.15"]

1. Nf3 Nf6 2. c4 e6 3. g3 d5 4. Bg2 Be7 5. O-O O-O 6. d4 c6 7. Qc2 Nbd7 8.
b3 b6 9. Rd1 Ba6 10. a4 Rc8 11. a5 b5 12. c5 b4 13. Bf4 Nh5 14. Re1 Nxf4
15. gxf4 Rb8 16. Nbd2 Rb5 17. Ra4 Rxa5 18. Rxb4 Bb5 19. e3 Ra3 20. Nb1 Ra1
21. Qb2 Qa5 22. Ra4 Rxa4 23. bxa4 Ba6 24. Qd2 Qxa4 25. Nc3 Qa3 26. Qc1 Qxc1
27. Rxc1 Bc4 28. Ra1 Ra8 29. Bf1 Bxf1 30. Kxf1 a5 31. Ne5 Nxe5 32. fxe5 f6
33. exf6 Bxf6 34. f4 Bd8 35. Rb1 a4 36. Nxa4 g5 1/2-1/2

[Event "WYb16"]
[Site "Heraklio GRE"]
[Date "2002.11.23"]
[Round "10"]
[White "Pakleza,Z"]
[Black "Jones,G"]
[Result "0-1"]
[WhiteElo "2382"]
[BlackElo "2251"]
[EventDate "2002.11.15"]

1. d4 Nf6 2. Nf3 c5 3. c3 b6 4. Bg5 e6 5. Nbd2 Bb7 6. e3 Be7 7. Bd3 O-O 8.
O-O d6 9. a4 a6 10. Re1 Nbd7 11. Rc1 Qc7 12. e4 e5 13. Bh4 Rfe8 14. dxe5
Nxe5 15. Nxe5 dxe5 16. Re3 Red8 17. Qe2 Qd7 18. Nc4 Qe6 19. Na3 Rd7 20. Re1
Rad8 21. Bxf6 Bxf6 22. Bxa6 Rd2 23. Qf1 Bxa6 24. Qxa6 Rxb2 25. Rd3 Qa2 26.
Rxd8+ Bxd8 27. Qa8 Rd2 28. Nb5 h6 29. Rf1 Kh7 30. Qa7 Bg5 31. g3 Be3 32.
Kg2 Rxf2+ 33. Rxf2 Qxf2+ 34. Kh3 Qf1+ 35. Kg4 h5+ 0-1

[Event "WYb16"]
[Site "Heraklio GRE"]
[Date "2002.11.23"]
[Round "10"]
[White "Deepan,C"]
[Black "Meier,Geo"]
[Result "1/2-1/2"]
[WhiteElo "2355"]
[BlackElo "2181"]
[EventDate "2002.11.15"]

1. e4 e6 2. d4 d5 3. Nd2 dxe4 4. Nxe4 Nd7 5. Nf3 Ngf6 6. Bd3 Nxe4 7. Bxe4
Nf6 8. Bd3 c5 9. dxc5 Bxc5 10. O-O O-O 11. a3 b6 12. b4 Be7 13. Qe2 Bb7 14.
Bb2 a5 15. Rfd1 Qc7 16. Be5 Bxf3 17. Bxc7 Bxe2 18. Bxe2 axb4 19. axb4 Rxa1
20. Rxa1 Nd5 21. Be5 Bxb4 22. c4 Nf6 23. Bxf6 gxf6 24. Bf3 Rc8 25. Ra8 Rxa8
26. Bxa8 f5 27. Kf1 Kf8 28. Ke2 Ke7 29. Kd3 Kd6 30. Bb7 Bc5 31. Ke2 Bd4 32.
Ba6 h5 33. h3 Kc5 1/2-1/2

[Event "WYb16"]
[Site "Heraklio GRE"]
[Date "2002.11.23"]
[Round "10"]
[White "Davidov,S"]
[Black "Iskakov,A"]
[Result "0-1"]
[WhiteElo "2254"]
[BlackElo "2176"]
[EventDate "2002.11.15"]

1. e4 e5 2. Nf3 Nf6 3. Nxe5 d6 4. Nf3 Nxe4 5. Qe2 Qe7 6. d3 Nf6 7. Bg5 Nbd7
8. Nc3 Qxe2+ 9. Bxe2 h6 10. Bh4 c6 11. O-O-O Be7 12. h3 O-O 13. g4 Re8 14.
Bg3 Nc5 15. Nd2 Bf8 16. Bf3 d5 17. Rdg1 b5 18. Ne2 Bd7 19. Nd4 a5 20. Bf4
a4 21. h4 g6 22. g5 hxg5 23. hxg5 Nh7 24. Bg4 Rac8 25. N4f3 Bg7 26. d4 Bxg4
27. Rxg4 Nd7 28. Rgh4 Nhf8 29. Ne5 Nxe5 30. Bxe5 Bxe5 31. dxe5 Rxe5 32. f4
Re3 33. Rf1 Rce8 34. Nf3 Nd7 35. Kd2 R3e4 36. Kd1 Kf8 37. c3 c5 38. Nd2 Re3
39. f5 gxf5 40. Rxf5 Re1+ 41. Kc2 R8e5 42. Rf2 R1e2 43. Rxe2 Rxe2 44. Rf4
Ke7 45. b3 axb3+ 46. axb3 Rg2 47. Kd3 Rxg5 48. Nf3 Rg3 49. Ke2 Rg2+ 50. Ke3
f6 51. b4 Rc2 52. Kd3 Rf2 53. Ke3 Rc2 54. Kd3 Rg2 55. Ke3 Kd6 56. bxc5+
Kxc5 57. Nd4 Rg3+ 58. Kd2 Rg2+ 59. Ke3 Rg3+ 60. Kd2 Rg8 61. Nb3+ Kb6 62.
Nd4 Re8 63. Rf1 Ra8 64. Rb1 Ra2+ 65. Ke3 Ra5 66. Kf4 Nc5 67. Kf5 Ne4 68.
Ke6 Nxc3 69. Rb3 Kc5 70. Nc6 Kxc6 71. Rxc3+ Kb6 72. Kd6 b4 73. Rc6+ Kb7 74.
Rc7+ Kb6 75. Rc6+ Kb5 76. Kxd5 b3 77. Rc8 Kb4+ 78. Kd4 b2 0-1

[Event "WYb16"]
[Site "Heraklio GRE"]
[Date "2002.11.23"]
[Round "10"]
[White "Glud,J"]
[Black "Akbarinia,S"]
[Result "1/2-1/2"]
[WhiteElo "2179"]
[BlackElo "2241"]
[EventDate "2002.11.15"]

1. e4 c5 2. Nf3 d6 3. d4 cxd4 4. Nxd4 Nf6 5. Nc3 a6 6. Bg5 e6 7. f4 Be7 8.
Qf3 Nbd7 9. O-O-O Qc7 10. g4 h6 11. Bxf6 Bxf6 12. h4 b6 13. g5 hxg5 14.
hxg5 Rxh1 15. Qxh1 Bxd4 16. Rxd4 g6 17. f5 Qc5 18. Rd2 Bb7 19. fxe6 fxe6
20. Qh8+ Nf8 21. Qf6 Qc7 22. Bb5+ axb5 23. Nxb5 Qh7 24. Nxd6+ Kd7 25. Nf7+
Ke8 26. Nd6+ 1/2-1/2

[Event "WYb16"]
[Site "Heraklio GRE"]
[Date "2002.11.24"]
[Round "11"]
[White "Pantsulaia,L"]
[Black "Erdos,V"]
[Result "1/2-1/2"]
[WhiteElo "2450"]
[BlackElo "2416"]
[EventDate "2002.11.15"]

1. d4 d5 2. c4 c6 3. cxd5 cxd5 4. Nc3 Nf6 5. Bf4 Nc6 6. e3 a6 7. Bd3 Bg4 8.
Nge2 e6 9. O-O Be7 10. a3 O-O 11. Qc2 Bh5 12. b4 Rc8 13. Rfc1 Bg6 14. Bxg6
hxg6 15. Qb3 b5 16. Rc2 Qb6 17. Nc1 Nh5 18. Bg3 Nxg3 19. hxg3 Bf6 20. N3e2
e5 21. dxe5 Nxe5 22. Raa2 Nc4 23. Qd3 Rce8 24. Qxd5 Rd8 25. Qf3 Rfe8 26.
Kh2 g5 27. Nc3 Bxc3 28. Rxc3 Qe6 29. Qe2 Rd5 30. Rd3 Red8 31. Rd4 Rxd4 32.
exd4 Rxd4 33. Nb3 Rd6 34. Nc5 Qg6 35. Ra1 Rd2 1/2-1/2

[Event "WYb16"]
[Site "Heraklio GRE"]
[Date "2002.11.24"]
[Round "11"]
[White "Stellwagen,D"]
[Black "Gerzhoy,L"]
[Result "0-1"]
[WhiteElo "2426"]
[BlackElo "2389"]
[EventDate "2002.11.15"]

1. e4 c5 2. Nf3 Nc6 3. d4 cxd4 4. Nxd4 g6 5. c4 Bg7 6. Be3 Nf6 7. Nc3 Ng4
8. Qxg4 Nxd4 9. Qd1 Ne6 10. Rc1 d6 11. Bd3 Bd7 12. O-O O-O 13. Qd2 Nc5 14.
Bb1 a5 15. Nd5 Bc6 16. Rfe1 e6 17. Nc3 Qe7 18. Bg5 f6 19. Bf4 e5 20. Be3 f5
21. f3 Kh8 22. Rcd1 Rad8 23. Bc2 f4 24. Bf2 Bf6 25. Nd5 Bxd5 26. cxd5 b6
27. b3 Bh4 28. Bxh4 Qxh4 29. a3 g5 30. b4 Nd7 31. Qf2 Qh5 32. h3 Qg6 33.
Ba4 axb4 34. axb4 Qh5 35. Bc6 Nf6 36. Ra1 Rf7 37. Qxb6 Rg8 38. Kf2 g4 39.
hxg4 Nxg4+ 40. fxg4 Qxg4 41. Rg1 Qg3+ 42. Ke2 f3+ 43. gxf3 Qxf3+ 44. Ke1
Qc3+ 45. Ke2 Qb2+ 46. Kd3 Rf3+ 0-1

[Event "WYb16"]
[Site "Heraklio GRE"]
[Date "2002.11.24"]
[Round "11"]
[White "Kuljasevic,D"]
[Black "Wojtaszek,R"]
[Result "1/2-1/2"]
[WhiteElo "2381"]
[BlackElo "2452"]
[EventDate "2002.11.15"]

1. d4 Nf6 2. Nf3 c5 3. d5 e6 4. Nc3 exd5 5. Nxd5 Nxd5 6. Qxd5 Be7 7. e4 O-O
8. Bc4 d6 9. Qh5 Be6 10. Bxe6 fxe6 11. Ng5 Bxg5 12. Bxg5 Qa5+ 13. c3 Nc6
14. O-O Qb5 15. Qd1 Qxb2 16. Qxd6 Rxf2 17. Qxe6+ Kh8 18. Rxf2 Qxa1+ 19. Rf1
Qxc3 20. h4 Rg8 21. Rf7 Nd4 22. Qe7 Qe1+ 23. Kh2 Ne2 24. Rxg7 1/2-1/2

[Event "WYb16"]
[Site "Heraklio GRE"]
[Date "2002.11.24"]
[Round "11"]
[White "Jones,G"]
[Black "Pixton,A"]
[Result "0-1"]
[WhiteElo "2251"]
[BlackElo "2443"]
[EventDate "2002.11.15"]

1. e4 c5 2. Nf3 d6 3. c3 Nf6 4. Be2 Bg4 5. O-O e6 6. Re1 Nc6 7. Ng5 Bxe2 8.
Rxe2 Be7 9. d4 d5 10. e5 Nd7 11. Nf3 O-O 12. Bf4 Qb6 13. h4 cxd4 14. cxd4
f6 15. exf6 Rxf6 16. Bg5 Rxf3 17. gxf3 Bxg5 18. hxg5 Nxd4 19. Re3 Rf8 20.
Nd2 Rf5 21. f4 Rxf4 22. Rc1 Nf5 23. Rf3 Rg4+ 24. Kh1 Rh4+ 25. Kg1 Qd8 26.
Nf1 Ne5 27. Rfc3 Qxg5+ 28. Ng3 h5 29. Rc8+ Kh7 30. R1c3 d4 31. Rb3 Rg4 32.
Qe1 Ne3 0-1

[Event "WYb16"]
[Site "Heraklio GRE"]
[Date "2002.11.24"]
[Round "11"]
[White "Filippov,A"]
[Black "Palit,S"]
[Result "1-0"]
[WhiteElo "2292"]
[BlackElo "2277"]
[EventDate "2002.11.15"]

1. e4 c5 2. Nf3 Nf6 3. e5 Nd5 4. Nc3 Nc7 5. d4 cxd4 6. Nxd4 g6 7. Bf4 Bg7
8. Bc4 O-O 9. O-O Ne6 10. Bxe6 fxe6 11. Bg3 Nc6 12. Nxc6 bxc6 13. Re1 Rb8
14. Na4 Qa5 15. c4 Ba6 16. b3 Rb7 17. Rc1 Rf5 18. Qe2 Bh6 19. Rcd1 Kf7 20.
f4 Ke8 21. Rf1 Rc7 22. Be1 1-0

[Event "WYb16"]
[Site "Heraklio GRE"]
[Date "2002.11.24"]
[Round "11"]
[White "Iskakov,A"]
[Black "Choma,E"]
[Result "0-1"]
[WhiteElo "2176"]
[BlackElo "2227"]
[EventDate "2002.11.15"]

1. e4 c5 2. Nf3 e6 3. c3 Nf6 4. e5 Nd5 5. Bc4 Be7 6. O-O Nb6 7. Bb3 c4 8.
Bc2 d6 9. exd6 Qxd6 10. Qe2 N8d7 11. Na3 Qc5 12. d4 cxd3 13. Qxd3 Qd5 14.
Nb5 Qxd3 15. Bxd3 O-O 16. Bf4 Nd5 17. Bd6 Nc5 18. Bc4 Bxd6 19. Nxd6 Nb6 20.
Be2 Nca4 21. Rab1 Rd8 22. Nxc8 Raxc8 23. c4 f6 24. Rfc1 e5 25. b3 Nc5 26.
b4 Ne4 27. c5 Nd5 28. Bc4 Kf8 29. g3 g5 30. h3 h5 31. Rb2 b6 32. Ba6 Rc7
33. Rc4 Ndc3 34. Rc2 g4 35. hxg4 hxg4 36. Nh4 Rd3 37. Kg2 b5 38. Bxb5 Nxb5
39. Rxe4 Nd4 40. Rb2 a5 41. Rxg4 Rc3 42. bxa5 R3xc5 43. Rb6 Kf7 44. a6 R5c6
45. Rb8 Rxa6 46. Rgg8 Rxa2 47. Rbe8 Rcc2 48. Kh3 Rxf2 49. Kg4 Ne6 50. Rb8
Ra4+ 51. Kh5 Rh2 52. Rh8 Ng7+ 53. Kh6 Raxh4+ 54. gxh4 Rxh4+ 0-1

[Event "WYb16"]
[Site "Heraklio GRE"]
[Date "2002.11.24"]
[Round "11"]
[White "Adly,A"]
[Black "Ianocichin,V"]
[Result "1-0"]
[WhiteElo "2294"]
[BlackElo "2221"]
[EventDate "2002.11.15"]

1. d4 Nf6 2. c4 g6 3. Nc3 Bg7 4. g3 d6 5. Bg2 Nbd7 6. e3 O-O 7. Nge2 e5 8.
O-O a5 9. b3 Re8 10. h3 Rb8 11. g4 h5 12. g5 Nh7 13. f4 exf4 14. exf4 Ndf8
15. Kh2 Ne6 16. h4 c5 17. Nb5 Nc7 18. Nxc7 Qxc7 19. Bb2 b5 20. Ng3 bxc4 21.
f5 Bb7 22. f6 Bxg2 23. Kxg2 Bh8 24. d5 Nf8 25. Bc3 cxb3 26. axb3 Qb7 27.
Ra3 Re3 28. Rf3 Rbe8 29. Rxa5 Rxc3 30. Rxc3 Qb4 31. Qa1 Qd4 32. Rf3 Qd2+
33. Kh3 Re1 34. Qc3 Qxd5 35. Qxe1 Qxf3 36. Qe8 Qg4+ 37. Kg2 Qe6 38. Ra8
Qd5+ 39. Kh2 Qd2+ 40. Kh3 Qh2+ 41. Kxh2 1-0

[Event "WYb16"]
[Site "Heraklio GRE"]
[Date "2002.11.24"]
[Round "11"]
[White "Stativkin,D"]
[Black "Deepan,C"]
[Result "0-1"]
[WhiteElo "2157"]
[BlackElo "2355"]
[EventDate "2002.11.15"]

1. e4 c5 2. Nf3 d6 3. d4 cxd4 4. Qxd4 Nc6 5. Bb5 Bd7 6. Bxc6 Bxc6 7. Bg5
Nf6 8. Nc3 e6 9. O-O-O Be7 10. Rhe1 O-O 11. Kb1 Qa5 12. Qd2 Kh8 13. Nd4
Rfd8 14. f4 Rac8 15. f5 Bd7 16. Re3 b5 17. g4 b4 18. Nce2 e5 19. Bxf6 Bxf6
20. Nb3 Qc7 21. Rh3 Bg5 22. Qxg5 Qxc2+ 23. Ka1 Qxd1+ 24. Nec1 f6 25. Qe3
Ba4 0-1

[Event "WYb16"]
[Site "Heraklio GRE"]
[Date "2002.11.24"]
[Round "11"]
[White "Ghasi,A"]
[Black "Divljan,I"]
[Result "1-0"]
[WhiteElo "2292"]
[BlackElo "2224"]
[EventDate "2002.11.15"]

1. Nf3 c5 2. g3 b6 3. Bg2 Bb7 4. O-O Nf6 5. d3 d5 6. Nbd2 Nc6 7. e4 e6 8.
Re1 Be7 9. c3 O-O 10. e5 Nd7 11. h4 Qc7 12. Qe2 Rae8 13. Nf1 f5 14. exf6
Bxf6 15. Ng5 Bxg5 16. hxg5 Qd6 17. Bd2 Ba6 18. Rad1 e5 19. Qe3 Ne7 20. Bc1
Ng6 21. c4 d4 22. Qe2 b5 23. b3 bxc4 24. bxc4 Nb6 25. Nd2 Qe7 26. Ne4 Bb7
27. Qc2 Bxe4 28. Bxe4 Qd6 29. a4 Rb8 30. Bd2 Nd7 31. Kg2 Ne7 32. Rb1 Nc6
33. Rh1 g6 34. Rh6 Kg7 35. Qd1 Rxb1 36. Qxb1 Rb8 37. Qc2 Ne7 38. a5 Nc6 39.
Rh1 Nb4 40. Qa4 Nf8 41. f4 Ne6 42. f5 gxf5 43. Bxf5 Nf8 44. Be4 Qe6 45. Qd1
Nxd3 46. Rh6 Nb2 47. Qh5 Qxc4 48. g6 Nd1 49. Qxe5+ 1-0